000 00535cam a2200193 a 4500
001 13613636
005 20240306234644.0
008 040604s2004 ilu b 001 0 eng
020 _a8178240858.
040 _aDLC
_cDLC
_dDLC
082 0 0 _a323,34.
_222
_bREC.
100 1 _aMenon, Nivedita.
245 1 0 _aRecovering subversion :
_bfeminist politics beyond the law /
_cNivedita Menon.
260 _aNew Delhi :
_bPermanent Black/
_c2004.
300 _axii, 271 p. ;
650 0 _aWomen
650 0 _aFeminist jurisprudence.
942 _cL
999 _c552
_d552